Normal view MARC view

Entry Topical Term

Number of records used in: 1

001 - CONTROL NUMBER

  • control field: 60038

003 - CONTROL NUMBER IDENTIFIER

  • control field: OSt

005 - DATE AND TIME OF LATEST TRANSACTION

  • control field: 20260410121536.0

008 - FIXED-LENGTH DATA ELEMENTS

  • fixed length control field: 260410|| aca||aabn | a|a d

040 ## - CATALOGING SOURCE

  • Original cataloging agency: OSt
  • Transcribing agency: OSt

150 ## - HEADING--TOPICAL TERM

  • Topical term or geographic name entry element: Layoffs, Business operations, Business obstacles, Covid-19, India

670 ## - SOURCE DATA FOUND

  • Source citation: Work cat.: (OSt): Ali, Jabir and Ansari, Fariya Akbar 60037, Understanding firm’s decision towards workforce layoffs during Covid-19 outbreak in India

Powered by Koha